[Event "Sarajevo-ch"]
[Site "Sarajevo"]
[Date "2021.06.01"]
[Round "4"]
[White "Kurtcehajic, Suad"]
[Black "Kamberovic, Senad"]
[Result "0-1"]
[WhiteElo "1955"]
[BlackElo "2187"]
[PlyCount "74"]
[EventDate "2021.05.30"]
[EventType "tourn"]
[EventRounds "9"]
[EventCountry "BIH"]
[SourceTitle "CBM 202 Extra"]
[Source "ChessBase"]
[SourceDate "2021.07.31"]
[SourceVersion "1"]
[SourceVersionDate "2021.07.31"]
[SourceQuality "1"]

1. e4 e5 2. Nf3 Nc6 3. Bc4 Be7 4. d4 d6 5. 0-0 Nf6 6. Re1 0-0 7. h3 exd4 8. Nxd4 Nxd4 9. Qxd4 a6 10. a4 Nd7 11. Nc3 Ne5 12. Nd5 Bxh3 13. Be2 Be6 14. f4 Nc6 15. Nxe7+ Qxe7 16. Qc3 f6 17. Be3 Qd7 18. Rad1 Kh8 19. f5 Bf7 20. Bf4 Rae8 21. Bf3 Ne5 22. b3 Qc6 23. Qxc6 Nxc6 24. Kf2 Ne5 25. Bc1 Re7 26. Bb2 Be8 27. Rh1 Bc6 28. Rh4 Nf7 29. Bc1 Rfe8 30. Bh5 Kg8 31. Bxf7+ Kxf7 32. Rd2 h6 33. g4 Rxe4 34. c4 Rf4+ 35. Kg3 Rf3+ 36. Kh2 Re1 37. Bb2 Rxb3 0-1

[Event "Sarajevo-ch"]
[Site "Sarajevo"]
[Date "2021.05.31"]
[Round "3"]
[White "Kamberovic, Senad"]
[Black "Halilovic, Fahrudin"]
[Result "1/2-1/2"]
[WhiteElo "2187"]
[BlackElo "2048"]
[PlyCount "58"]
[EventDate "2021.05.30"]
[EventType "tourn"]
[EventRounds "9"]
[EventCountry "BIH"]
[SourceTitle "CBM 202 Extra"]
[Source "ChessBase"]
[SourceDate "2021.07.31"]
[SourceVersion "1"]
[SourceVersionDate "2021.07.31"]
[SourceQuality "1"]

1. d4 Nf6 2. Nf3 g6 3. Bf4 Bg7 4. e3 d6 5. h3 0-0 6. Be2 Nfd7 7. 0-0 e5 8. Bh2 Nc6 9. c3 f5 10. Na3 h6 11. dxe5 dxe5 12. Qb3+ Kh7 13. Rad1 Qe7 14. Nc4 Nc5 15. Qc2 b5 16. Ncd2 a6 17. b4 Na4 18. a3 e4 19. Nd4 Bd7 20. N2b3 Ne5 21. Bxe5 Bxe5 22. c4 c5 23. bxc5 Rfc8 24. c6 Bxc6 25. Nxc6 Rxc6 26. Nd4 Rc7 27. Qb3 Nc5 28. Qb4 bxc4 29. Bxc4 Bd6 1/2-1/2

[Event "Sarajevo-ch"]
[Site "Sarajevo"]
[Date "2021.05.30"]
[Round "1"]
[White "Kamberovic, Senad"]
[Black "Strinic, Halid"]
[Result "1/2-1/2"]
[WhiteElo "2187"]
[BlackElo "2118"]
[PlyCount "143"]
[EventDate "2021.05.30"]
[EventType "tourn"]
[EventRounds "9"]
[EventCountry "BIH"]
[SourceTitle "CBM 202 Extra"]
[Source "ChessBase"]
[SourceDate "2021.07.31"]
[SourceVersion "1"]
[SourceVersionDate "2021.07.31"]
[SourceQuality "1"]

1. d4 Nf6 2. Nf3 e6 3. e3 d5 4. Bd3 c5 5. b3 Nc6 6. 0-0 Be7 7. Bb2 0-0 8. Ne5 Nd7 9. f4 f5 10. Nd2 Ndxe5 11. fxe5 cxd4 12. exd4 Bd7 13. a3 Bg5 14. Qe2 Be8 15. Nf3 Bh5 16. b4 Qb6 17. c3 Ne7 18. a4 Ng6 19. g3 Be7 20. a5 Qd8 21. Qg2 Nh8 22. h3 Rc8 23. Nd2 Bg6 24. Qe2 Be8 25. Nb3 b6 26. axb6 axb6 27. Ra7 Nf7 28. Nd2 Ng5 29. Kh2 Ne4 30. Nxe4 fxe4 31. Rxf8+ Bxf8 32. Bb5 Ra8 33. Rxa8 Qxa8 34. Bxe8 Qxe8 35. Bc1 b5 36. Be3 Be7 37. Kg2 Qc6 38. Qd2 h6 39. h4 Kf7 40. h5 Qc4 41. Qf2+ Kg8 42. Qd2 Kh7 43. Bf4 Bf8 44. Be3 Be7 45. Bf4 Kg8 46. Be3 Kf7 47. Qf2+ Ke8 48. Qd2 Kd7 49. Bf4 Qb3 50. Be3 Qb1 51. Qe2 Kc6 52. Qg4 Qc2+ 53. Kh3 Kd7 54. Qxg7 Qxc3 55. Bxh6 Qf3 56. Bg5 Qxh5+ 57. Bh4 Qf5+ 58. Kh2 Qf8 59. Qh7 Kd8 60. Bxe7+ Qxe7 61. Qh6 Kd7 62. Qd2 Qh7+ 63. Kg2 Qh5 64. Qf2 Ke8 65. Qf1 Ke7 66. Qf6+ Kd7 67. Qf1 Kc6 68. Qc1+ Kb7 69. Qf1 Kb6 70. Qf8 Qe2+ 71. Kh3 Qh5+ 72. Kg2 1/2-1/2

[Event "Sarajevo Bosna op 47th"]
[Site "Sarajevo"]
[Date "2017.05.15"]
[Round "4"]
[White "Drasko, Milan"]
[Black "Kamberovic, Senad"]
[Result "1-0"]
[WhiteElo "2446"]
[BlackElo "2158"]
[PlyCount "71"]
[EventDate "2017.05.13"]
[EventType "swiss"]
[EventRounds "9"]
[EventCountry "BIH"]
[SourceTitle "CBM 178 Extra"]
[Source "ChessBase"]
[SourceDate "2017.06.22"]
[SourceVersion "1"]
[SourceVersionDate "2017.06.22"]
[SourceQuality "1"]

1. Nf3 Nf6 2. g3 g6 3. Bg2 Bg7 4. 0-0 0-0 5. d4 d6 6. c4 c6 7. Nc3 Qa5 8. e4 Qh5 9. Ng5 Qxd1 10. Rxd1 h6 11. Nf3 Nbd7 12. b3 Rb8 13. h3 Re8 14. Be3 a6 15. e5 dxe5 16. Nxe5 Nxe5 17. dxe5 Nd7 18. f4 f6 19. exf6 Bxf6 20. Rac1 Bxc3 21. Rxc3 Nf6 22. Bb6 Bf5 23. g4 Be6 24. Re3 Kf7 25. Rde1 Nd7 26. Ba5 Nf8 27. Bb4 Kf6 28. Ba5 Bd7 29. Bc3+ Kf7 30. Bb4 Be6 31. Re5 Rbd8 32. f5 gxf5 33. gxf5 Bc8 34. Bf3 Kf6 35. Rxe7 Bd7 36. Bh5 1-0

[Event "Sarajevo Bosna op 46th"]
[Site "Sarajevo"]
[Date "2016.06.02"]
[Round "8"]
[White "Petrovic, Marija"]
[Black "Kamberovic, Senad"]
[Result "1-0"]
[WhiteElo "2055"]
[BlackElo "2179"]
[PlyCount "59"]
[EventDate "2016.05.28"]
[EventType "swiss"]
[EventRounds "9"]
[EventCountry "BIH"]
[SourceTitle "EXT 2019"]
[Source "ChessBase"]
[SourceDate "2018.10.10"]
[SourceVersion "1"]
[SourceVersionDate "2018.10.10"]
[SourceQuality "1"]

1. Nf3 d5 2. g3 Nf6 3. Bg2 g6 4. d4 Bg7 5. 0-0 0-0 6. Nbd2 b6 7. Ne5 Bb7 8. c3 c5 9. a4 a5 10. Ndf3 Na6 11. Be3 Rc8 12. Qb3 Ne4 13. Nd2 Nxd2 14. Bxd2 Qd6 15. Bf4 g5 16. Nxf7 Qg6 17. Nxg5 cxd4 18. cxd4 Nb4 19. Nf3 Ba6 20. Ne5 Qe6 21. Rfe1 Kh8 22. e3 Bh6 23. Rac1 Bxf4 24. exf4 Qf5 25. Bxd5 Nxd5 26. Qxd5 Rcd8 27. Qf3 Rxd4 28. Qc3 Rd6 29. Ng6+ Kg8 30. Nxe7+ 1-0

[Event "Sarajevo Bosna op 46th"]
[Site "Sarajevo"]
[Date "2016.06.01"]
[Round "7"]
[White "Kamberovic, Senad"]
[Black "Plenca, Jadranko"]
[Result "0-1"]
[WhiteElo "2179"]
[BlackElo "2390"]
[PlyCount "82"]
[EventDate "2016.05.28"]
[EventType "swiss"]
[EventRounds "9"]
[EventCountry "BIH"]
[SourceTitle "EXT 2019"]
[Source "ChessBase"]
[SourceDate "2018.10.10"]
[SourceVersion "1"]
[SourceVersionDate "2018.10.10"]
[SourceQuality "1"]

1. d4 d5 2. Nf3 Nf6 3. e3 c5 4. b3 Nc6 5. Bb2 cxd4 6. exd4 g6 7. Bd3 Bg7 8. 0-0 0-0 9. Nbd2 Nb4 10. Be2 Bf5 11. c3 Nd3 12. Bxd3 Bxd3 13. Re1 Rc8 14. Ne5 Bf5 15. Qe2 Re8 16. h3 Rc7 17. Rac1 Bh6 18. Ra1 Nh5 19. g4 Nf4 20. Qf3 Bc8 21. Nf1 f6 22. Nd3 Qd6 23. Nxf4 Bxf4 24. Ne3 Be6 25. a4 Bg5 26. Rad1 Bf7 27. Ng2 Qb6 28. b4 Qc6 29. a5 e5 30. Qg3 e4 31. Ne3 Rce7 32. Rb1 Qc7 33. Qxc7 Rxc7 34. Kg2 Be6 35. Kg3 h5 36. Ng2 hxg4 37. hxg4 Bd2 38. Re2 Bxc3 39. Rc2 Rec8 40. Rbc1 Bxb2 41. Rxc7 Bxc1 0-1

[Event "Bihac-chT1"]
[Site "Bihac"]
[Date "2014.08.25"]
[Round "4"]
[White "Kamberovic, Senad"]
[Black "Radic, Bojan"]
[Result "1/2-1/2"]
[WhiteElo "2251"]
[BlackElo "2200"]
[PlyCount "30"]
[EventDate "2014.08.23"]
[EventType "swiss"]
[EventRounds "9"]
[EventCountry "BIH"]
[SourceTitle "EXT 2015"]
[Source "ChessBase"]
[SourceDate "2014.11.20"]
[SourceVersion "1"]
[SourceVersionDate "2014.11.20"]
[SourceQuality "1"]

1. e4 c5 2. c4 Nc6 3. g3 g6 4. Bg2 Bg7 5. Ne2 e5 6. 0-0 Nge7 7. Nbc3 0-0 8. d3 d6 9. f4 Rb8 10. h3 f5 11. Be3 Nd4 12. Qd2 Be6 13. Nd5 b5 14. fxe5 Nxe2+ 15. Qxe2 bxc4 1/2-1/2

[Event "Bihac-chT1"]
[Site "Bihac"]
[Date "2014.08.24"]
[Round "2"]
[White "Kamberovic, Senad"]
[Black "Ramic, Mirnes"]
[Result "1-0"]
[WhiteElo "2251"]
[BlackElo "2035"]
[PlyCount "52"]
[EventDate "2014.08.23"]
[EventType "swiss"]
[EventRounds "9"]
[EventCountry "BIH"]
[SourceTitle "EXT 2015"]
[Source "ChessBase"]
[SourceDate "2014.11.20"]
[SourceVersion "1"]
[SourceVersionDate "2014.11.20"]
[SourceQuality "1"]

1. c4 Nf6 2. Nc3 g6 3. e4 d6 4. g3 Bg7 5. Bg2 0-0 6. Nge2 c5 7. h3 Nc6 8. 0-0 Bd7 9. d3 Rb8 10. Be3 a6 11. a4 e5 12. f4 Nd4 13. g4 h6 14. Ra3 b5 15. axb5 axb5 16. cxb5 Bxb5 17. Bd2 Kh7 18. Ng3 Ng8 19. f5 Bf6 20. Ra7 Bd7 21. Nd5 Nb5 22. Rxd7 Qxd7 23. Bxh6 Bg7 24. Bxg7 Kxg7 25. f6+ Nxf6 26. Nxf6 Rbe8 1-0

[Event "Bihac-chT1"]
[Site "Bihac"]
[Date "2014.08.23"]
[Round "1"]
[White "Kamberovic, Senad"]
[Black "Tomic, Bosko"]
[Result "0-1"]
[WhiteElo "2251"]
[BlackElo "2463"]
[PlyCount "38"]
[EventDate "2014.08.23"]
[EventType "swiss"]
[EventRounds "9"]
[EventCountry "BIH"]
[SourceTitle "EXT 2015"]
[Source "ChessBase"]
[SourceDate "2014.11.20"]
[SourceVersion "1"]
[SourceVersionDate "2014.11.20"]
[SourceQuality "1"]

1. d4 Nf6 2. Nf3 g6 3. Bf4 Bg7 4. e3 0-0 5. Be2 c5 6. c3 b6 7. h3 Bb7 8. 0-0 d6 9. Bh2 Nbd7 10. c4 cxd4 11. exd4 d5 12. Nc3 Rc8 13. Nd2 dxc4 14. Bxc4 Nb8 15. Re1 e6 16. Bf1 Qxd4 17. Nb5 Qd7 18. Nxa7 Rcd8 19. Nb3 Qa4 0-1

[Event "Sarajevo Bosna op-A 44th"]
[Site "Sarajevo"]
[Date "2014.06.02"]
[Round "5"]
[White "Markoja, Boris"]
[Black "Kamberovic, Senad"]
[Result "1-0"]
[WhiteElo "2164"]
[BlackElo "2259"]
[PlyCount "87"]
[EventDate "2014.05.30"]
[EventType "swiss"]
[EventRounds "9"]
[EventCountry "BIH"]
[SourceTitle "CBM 160 Extra"]
[Source "ChessBase"]
[SourceDate "2014.07.01"]
[SourceVersion "1"]
[SourceVersionDate "2014.07.01"]
[SourceQuality "1"]

1. c4 c6 2. g3 d5 3. Bg2 Nf6 4. Nf3 Bf5 5. cxd5 cxd5 6. Qb3 Qb6 7. Qxb6 axb6 8. Nc3 e6 9. d3 Bc5 10. 0-0 0-0 11. Bf4 Rc8 12. a3 Nc6 13. Nb5 Bg4 14. b4 Be7 15. Rfe1 Nd7 16. e4 Bf6 17. Rab1 d4 18. Bd6 e5 19. Nd2 Bd8 20. Rbc1 f6 21. f4 Be6 22. Bf3 Kf7 23. f5 Ba2 24. Ra1 Be7 25. Rxa2 Nxb4 26. Bxb4 Bxb4 27. Rb1 Be7 28. Nc4 Rc6 29. Be2 Nc5 30. Kf2 Ke8 31. g4 Kd7 32. g5 Na4 33. Bh5 Nc5 34. Ke2 Ra6 35. Bf7 Na4 36. gxf6 gxf6 37. Be6+ Ke8 38. Kf3 Rc5 39. Rg2 Nc3 40. Rg8+ Bf8 41. Nbd6+ Ke7 42. Rbg1 b5 43. R1g7+ Bxg7 44. Re8# 1-0

[Event "Sarajevo Bosna op-A 44th"]
[Site "Sarajevo"]
[Date "2014.05.31"]
[Round "2"]
[White "Nestorovic, Lazar"]
[Black "Kamberovic, Senad"]
[Result "1-0"]
[WhiteElo "2337"]
[BlackElo "2259"]
[PlyCount "141"]
[EventDate "2014.05.30"]
[EventType "swiss"]
[EventRounds "9"]
[EventCountry "BIH"]
[SourceTitle "CBM 160 Extra"]
[Source "ChessBase"]
[SourceDate "2014.07.01"]
[SourceVersion "1"]
[SourceVersionDate "2014.07.01"]
[SourceQuality "1"]

1. d4 d5 2. Nf3 Nf6 3. e3 g6 4. c4 c6 5. Nc3 Bg7 6. Bd3 0-0 7. 0-0 b6 8. b3 Bb7 9. Ba3 Re8 10. cxd5 Nxd5 11. Ne2 Nd7 12. e4 Nc7 13. Rc1 Rc8 14. Bc4 b5 15. Bd3 a5 16. Bb2 Ne6 17. Qd2 Qb6 18. Rfd1 Red8 19. Bc3 b4 20. Bb2 Nc7 21. Bc4 e6 22. Qf4 Qa7 23. h4 Nb6 24. Bd3 Ne8 25. Ne5 Ba8 26. h5 Nf6 27. h6 Nh5 28. Qe3 Bh8 29. Qh3 Qe7 30. Qg4 Nd7 31. Nf3 c5 32. Ba6 Rb8 33. Bd3 Rbc8 34. Ba6 Rb8 35. Ba1 Nhf6 36. Qg5 Bxe4 37. dxc5 Nxc5 38. Rxd8+ Rxd8 39. Qxc5 Qxc5 40. Rxc5 Ng4 41. Rc1 Bxa1 42. Rxa1 Nxh6 43. Ng5 Bc2 44. Rc1 Rd2 45. Nf3 Rd1+ 46. Rxd1 Bxd1 47. Ned4 a4 48. Be2 Bxe2 49. Nxe2 axb3 50. axb3 Nf5 51. Ned4 Ne7 52. Nc2 Nd5 53. Ne5 f6 54. Nd3 e5 55. Ndxb4 Nc3 56. Kf1 Kf7 57. Ke1 Ke6 58. Nd3 f5 59. Kd2 Ne4+ 60. Ke3 Nc3 61. f3 h5 62. b4 g5 63. Kd2 Nb5 64. Nc5+ Kf6 65. Ne3 g4 66. Nd5+ Kg5 67. Ke3 Nd6 68. Ne6+ Kh4 69. Kf2 f4 70. Ne7 gxf3 71. Kxf3 1-0

[Event "BIH-chT 12th"]
[Site "Sarajevo"]
[Date "2013.06.20"]
[Round "6.2"]
[White "Kamberovic, Senad"]
[Black "Miladinovic, Igor"]
[Result "0-1"]
[WhiteElo "2255"]
[BlackElo "2556"]
[PlyCount "74"]
[EventDate "2013.06.15"]
[EventType "team-tourn"]
[EventRounds "9"]
[EventCountry "BIH"]
[SourceTitle "CBM 155 Extra"]
[Source "ChessBase"]
[SourceDate "2013.08.26"]
[SourceVersion "1"]
[SourceVersionDate "2013.08.26"]
[SourceQuality "1"]
[WhiteTeam "Sarajevo Zeljeznicar"]
[BlackTeam "Sarajevo Slavija"]
[WhiteTeamCountry "BIH"]
[BlackTeamCountry "BIH"]

1. e4 c5 2. c4 Nc6 3. g3 g6 4. Bg2 Bg7 5. Ne2 d6 6. 0-0 Nf6 7. Nbc3 0-0 8. h3 a6 9. d3 Rb8 10. Be3 b5 11. Qd2 bxc4 12. dxc4 Ne5 13. b3 Bxh3 14. f3 Bd7 15. Rad1 a5 16. Bh6 Bxh6 17. Qxh6 a4 18. bxa4 Qa5 19. Nd5 Nxd5 20. Rxd5 f6 21. Bh3 Nf7 22. Qh4 Qxa4 23. Bxd7 Qxd7 24. Rd2 Ne5 25. Nc3 Nxc4 26. Rh2 e6 27. Rd1 Rf7 28. f4 Rb4 29. Re2 Qa7 30. f5 gxf5 31. Qh6 Qa3 32. Rd3 Rb1+ 33. Kg2 Rb2 34. Kf1 Rxe2 35. Kxe2 Qb2+ 36. Kd1 Qg2 37. Qc1 Nb2+ 0-1

[Event "BIH-chT 12th"]
[Site "Sarajevo"]
[Date "2013.06.17"]
[Round "3.3"]
[White "Sedlak, Nikola"]
[Black "Kamberovic, Senad"]
[Result "1-0"]
[WhiteElo "2571"]
[BlackElo "2255"]
[PlyCount "45"]
[EventDate "2013.06.15"]
[EventType "team-tourn"]
[EventRounds "9"]
[EventCountry "BIH"]
[SourceTitle "CBM 155 Extra"]
[Source "ChessBase"]
[SourceDate "2013.08.26"]
[SourceVersion "1"]
[SourceVersionDate "2013.08.26"]
[SourceQuality "1"]
[WhiteTeam "Prijedor Rudar"]
[BlackTeam "Sarajevo Zeljeznicar"]
[WhiteTeamCountry "BIH"]
[BlackTeamCountry "BIH"]

1. e4 c6 2. d4 d5 3. e5 Bf5 4. c4 Bxb1 5. Rxb1 dxc4 6. Bxc4 e6 7. Nf3 Bb4+ 8. Kf1 Ne7 9. h4 Nd7 10. a3 Ba5 11. h5 h6 12. g3 Bc7 13. Kg2 Nb6 14. Bd3 Nbd5 15. Nd2 Bxe5 16. dxe5 Ne3+ 17. fxe3 Qxd3 18. e4 0-0-0 19. Qf3 Qb5 20. b3 Rd3 21. a4 Qa6 22. Qxf7 Rhd8 23. Nc4 1-0

[Event "BIH-chT 12th"]
[Site "Sarajevo"]
[Date "2013.06.16"]
[Round "2.4"]
[White "Kamberovic, Senad"]
[Black "Palac, Mladen"]
[Result "0-1"]
[WhiteElo "2255"]
[BlackElo "2560"]
[PlyCount "72"]
[EventDate "2013.06.15"]
[EventType "team-tourn"]
[EventRounds "9"]
[EventCountry "BIH"]
[SourceTitle "CBM 155 Extra"]
[Source "ChessBase"]
[SourceDate "2013.08.26"]
[SourceVersion "1"]
[SourceVersionDate "2013.08.26"]
[SourceQuality "1"]
[WhiteTeam "Sarajevo Zeljeznicar"]
[BlackTeam "Siroki Brijeg"]
[WhiteTeamCountry "BIH"]
[BlackTeamCountry "BIH"]

1. d4 Nf6 2. Nf3 d5 3. b3 c5 4. e3 cxd4 5. exd4 g6 6. h3 Bg7 7. Bf4 Nc6 8. c3 0-0 9. Bd3 Nd7 10. 0-0 e5 11. dxe5 Ndxe5 12. Re1 Nxf3+ 13. Qxf3 Be6 14. Qg3 Rc8 15. Rc1 Qa5 16. a4 d4 17. c4 Nb4 18. Nd2 Nxd3 19. Qxd3 Rfe8 20. Qg3 Bf5 21. c5 d3 22. b4 Qxb4 23. Rab1 Qxa4 24. Rxb7 a5 25. Qf3 Qa3 26. Rc4 Rxc5 27. Nb1 Rxc4 28. Nxa3 Rxf4 29. Qd5 Be4 30. Qd7 Bxb7 31. Qxe8+ Bf8 32. Qe3 Ra4 33. Nb5 Ba6 34. Nc3 Ra1+ 35. Kh2 Bd6+ 36. f4 Rf1 0-1

[Event "BIH-chT 11th"]
[Site "Jahorina"]
[Date "2012.06.05"]
[Round "4.5"]
[White "Arapovic, Vitomir"]
[Black "Kamberovic, Senad"]
[Result "1/2-1/2"]
[WhiteElo "2363"]
[BlackElo "2280"]
[PlyCount "40"]
[EventDate "2012.06.02"]
[EventType "team-tourn"]
[EventRounds "9"]
[EventCountry "BIH"]
[SourceTitle "CBM 148 Extra"]
[Source "ChessBase"]
[SourceDate "2012.06.22"]
[SourceVersion "1"]
[SourceVersionDate "2012.06.22"]
[SourceQuality "1"]
[WhiteTeam "Sarajevo Slavija"]
[BlackTeam "Bihac"]
[WhiteTeamCountry "BIH"]
[BlackTeamCountry "BIH"]

1. e4 c6 2. Nc3 d5 3. Nf3 dxe4 4. Nxe4 Nd7 5. d4 Ngf6 6. Nxf6+ Nxf6 7. Ne5 Be6 8. Be2 g6 9. 0-0 Bg7 10. c3 0-0 11. Bg5 Nd7 12. Nd3 Re8 13. Qd2 Qb6 14. Bh6 Bxh6 15. Qxh6 c5 16. dxc5 Nxc5 17. Nxc5 Qxc5 18. Bf3 Rad8 19. Rfe1 Bd5 20. Re5 f6 1/2-1/2

[Event "BIH-chT 11th"]
[Site "Jahorina"]
[Date "2012.06.02"]
[Round "1.3"]
[White "Kamberovic, Senad"]
[Black "Stojanovic, Dalibor"]
[Result "0-1"]
[WhiteElo "2280"]
[BlackElo "2485"]
[PlyCount "92"]
[EventDate "2012.06.02"]
[EventType "team-tourn"]
[EventRounds "9"]
[EventCountry "BIH"]
[SourceTitle "CBM 148 Extra"]
[Source "ChessBase"]
[SourceDate "2012.06.22"]
[SourceVersion "1"]
[SourceVersionDate "2012.06.22"]
[SourceQuality "1"]
[WhiteTeam "Bihac"]
[BlackTeam "Sarajevo Bosna"]
[WhiteTeamCountry "BIH"]
[BlackTeamCountry "BIH"]

1. c4 g6 2. Nc3 Bg7 3. e4 d6 4. g3 Nc6 5. Bg2 e5 6. d3 Be6 7. Nge2 Qd7 8. h3 Nge7 9. Be3 0-0 10. g4 f5 11. f3 fxe4 12. Nxe4 d5 13. Nc5 Qc8 14. Rc1 Bf7 15. 0-0 b6 16. Nb3 dxc4 17. dxc4 Qa6 18. Qc2 Nb4 19. Qe4 Nxa2 20. Rc2 Nb4 21. Rcc1 Nec6 22. Nd2 Rae8 23. Ra1 Qc8 24. Nc3 a5 25. c5 Nd4 26. cxb6 cxb6 27. Rac1 Qa6 28. Rf2 Nd3 29. Bf1 Nxf2 30. Bxa6 Nxe4 31. fxe4 Be6 32. Kg2 Rd8 33. Bb7 Rd6 34. Nd5 Ne2 35. Rc6 Rxd5 36. exd5 Bxd5+ 37. Kh2 Bxc6 38. Bxc6 Nd4 39. Bd5+ Kh8 40. Ne4 Rd8 41. Ba2 h6 42. g5 Nf3+ 43. Kg3 Nxg5 44. Nxg5 hxg5 45. Bxb6 Rd3+ 46. Kg4 a4 0-1

[Event "Sarajevo Bosna op-A 42nd"]
[Site "Sarajevo"]
[Date "2012.05.09"]
[Round "7"]
[White "Kharmunova, Nadezhda"]
[Black "Kamberovic, Senad"]
[Result "1/2-1/2"]
[WhiteElo "2227"]
[BlackElo "2280"]
[PlyCount "111"]
[EventDate "2012.05.05"]
[EventType "swiss"]
[EventRounds "9"]
[EventCountry "BIH"]
[SourceTitle "CBM 148 Extra"]
[Source "ChessBase"]
[SourceDate "2012.06.22"]
[SourceVersion "1"]
[SourceVersionDate "2012.06.22"]
[SourceQuality "1"]

1. d4 Nf6 2. c4 e5 3. dxe5 Ne4 4. Qc2 Bb4+ 5. Nd2 d5 6. a3 Bxd2+ 7. Bxd2 Bf5 8. Qa4+ Nc6 9. Nf3 0-0 10. Be3 d4 11. Rd1 dxe3 12. Rxd8 exf2+ 13. Kd1 Rfxd8+ 14. Kc1 Nc5 15. Qb5 Na5 16. Nd2 b6 17. g4 Rxd2 18. Kxd2 Be4 19. Ke3 Bxh1 20. Kxf2 Rd8 21. Bg2 Bxg2 22. Kxg2 a6 23. Qb4 Rd4 24. h3 h5 25. Qc3 Ne6 26. e3 Rxc4 27. Qd3 b5 28. gxh5 Nc6 29. Qf5 Rc5 30. h6 gxh6 31. Qg4+ Kf8 32. Qh4 Nxe5 33. Qxh6+ Kg8 34. Qf6 Ng6 35. Kh2 Rh5 36. Qf3 Rh4 37. Qa8+ Kg7 38. Qxa6 Ng5 39. Qxb5 Rxh3+ 40. Kg2 Nh4+ 41. Kf1 Nhf3 42. Kg2 c5 43. a4 Nh4+ 44. Kf1 Rh2 45. Qxc5 Nhf3 46. Qc3+ Kg6 47. a5 f6 48. Qd3+ f5 49. Qd6+ Kh5 50. Qf4 Rd2 51. Qxf5 Kh4 52. Qf4+ Kh3 53. Qf5+ Kh2 54. Qf6 Kh1 55. Qc6 Kh2 56. Qc3 1/2-1/2

[Event "Sarajevo Bosna op-A 42nd"]
[Site "Sarajevo"]
[Date "2012.05.05"]
[Round "1"]
[White "Savic, Miodrag R"]
[Black "Kamberovic, Senad"]
[Result "1/2-1/2"]
[WhiteElo "2515"]
[BlackElo "2280"]
[PlyCount "127"]
[EventDate "2012.05.05"]
[EventType "swiss"]
[EventRounds "9"]
[EventCountry "BIH"]
[SourceTitle "CBM 148 Extra"]
[Source "ChessBase"]
[SourceDate "2012.06.22"]
[SourceVersion "1"]
[SourceVersionDate "2012.06.22"]
[SourceQuality "1"]

1. e4 c6 2. d4 d5 3. e5 Bf5 4. Nf3 e6 5. Be2 c5 6. 0-0 Nc6 7. c3 Bg4 8. Nbd2 cxd4 9. cxd4 Qb6 10. h3 Bh5 11. a3 a5 12. Qa4 Rc8 13. b3 Be7 14. Rd1 Bd8 15. b4 Nge7 16. b5 Nb8 17. Bb2 0-0 18. Rac1 Qa7 19. Rxc8 Nxc8 20. Rc1 Nb6 21. Qd1 N8d7 22. a4 Be7 23. Nf1 Rc8 24. Rxc8+ Nxc8 25. g4 Bg6 26. Ng3 Ncb6 27. h4 Be4 28. Ng5 Bxg5 29. hxg5 Qb8 30. Bc3 Qc8 31. Bxa5 Bc2 32. Qa1 Bxa4 33. Qa3 Qa8 34. Bxb6 Nxb6 35. Qd6 Nc4 36. Qb4 Nb6 37. Nf1 Qd8 38. Ne3 h6 39. gxh6 gxh6 40. Kg2 Qf8 41. Qa5 Qd8 42. Bd3 Bb3 43. Kg3 Qc7 44. g5 hxg5 45. Ng4 Qc1 46. Kg2 Bc4 47. Bxc4 Nxc4 48. Qd8+ Kg7 49. Qf6+ Kf8 50. Qd8+ Kg7 51. Qf6+ Kf8 52. Qh8+ Ke7 53. Nf6 Ne3+ 54. Kf3 g4+ 55. Ke2 Qd1+ 56. Kxe3 Qf3+ 57. Kd2 Qxf2+ 58. Kd3 Qf1+ 59. Ke3 Qf3+ 60. Kd2 Qf2+ 61. Kc1 Qf1+ 62. Kd2 Qf2+ 63. Kc3 Qe3+ 64. Kb4 1/2-1/2

[Event "Sarajevo Bosna op 41st"]
[Site "Sarajevo"]
[Date "2011.05.05"]
[Round "3"]
[White "Kamberovic, Senad"]
[Black "Patrucic, Miroslav"]
[Result "1-0"]
[WhiteElo "2272"]
[BlackElo "2039"]
[PlyCount "67"]
[EventDate "2011.05.03"]
[EventType "swiss"]
[EventRounds "9"]
[EventCountry "BIH"]
[SourceTitle "CBM 142 Extra"]
[Source "ChessBase"]
[SourceDate "2011.06.27"]
[SourceVersion "1"]
[SourceVersionDate "2011.06.27"]
[SourceQuality "1"]

1. d4 d5 2. Nf3 Nf6 3. Bf4 Bf5 4. e3 e6 5. Bd3 Ne4 6. 0-0 g5 7. Bxe4 dxe4 8. Nxg5 f6 9. Nh3 Bd6 10. Bxd6 cxd6 11. f4 Rg8 12. Nf2 d5 13. c4 Nc6 14. Nc3 Qd7 15. cxd5 exd5 16. Kh1 0-0-0 17. Rc1 Kb8 18. Na4 b6 19. Nc3 Nb4 20. Qd2 Nd3 21. Nxd3 exd3 22. a4 Qd6 23. g3 Rge8 24. Kg1 Rd7 25. Rfe1 Qe7 26. Nd1 Be4 27. Nf2 f5 28. Nxd3 Bxd3 29. Qxd3 Qe4 30. Qxe4 dxe4 31. Rc3 Rc7 32. Rxc7 Kxc7 33. Rc1+ Kd6 34. Kf2 1-0

[Event "BIH-chT2"]
[Site "Tuzla"]
[Date "2010.07.19"]
[Round "2"]
[White "Bjelopoljak, Salko"]
[Black "Kamberovic, Senad"]
[Result "0-1"]
[WhiteElo "2126"]
[BlackElo "2238"]
[PlyCount "142"]
[EventDate "2010.07.18"]
[EventType "team-swiss"]
[EventRounds "9"]
[EventCountry "BIH"]
[SourceTitle "CBM 137 Extra"]
[Source "ChessBase"]
[SourceDate "2010.09.01"]
[SourceVersion "1"]
[SourceVersionDate "2010.09.01"]
[SourceQuality "1"]

1. e4 c6 2. d4 d5 3. e5 Bf5 4. c3 e6 5. Nd2 c5 6. Qa4+ Nc6 7. Bb5 Qb6 8. Ngf3 a6 9. Be2 cxd4 10. Nxd4 Bc5 11. N2b3 Bxd4 12. Nxd4 Nge7 13. 0-0 0-0 14. Nxf5 Nxf5 15. Bd3 Nxe5 16. Bb1 Rac8 17. Qf4 Ng6 18. Qg5 Nd6 19. h4 Qd8 20. h5 Qxg5 21. Bxg5 f6 22. hxg6 fxg5 23. gxh7+ Kh8 24. Re1 Rf6 25. Re2 g6 26. Bd3 Rc6 27. g4 Kxh7 28. Kg2 Nf7 29. f3 Kg7 30. Kg3 Rf4 31. Rh1 e5 32. Re3 Rcf6 33. Be2 Ra4 34. Ra1 Raf4 35. Rd1 Rd6 36. b3 e4 37. Rd2 Kf6 38. Bd1 Ke5 39. Rd4 Nd8 40. fxe4 dxe4 41. Rxd6 Kxd6 42. Re1 Ke5 43. Be2 Ne6 44. b4 Nc7 45. a4 Nd5 46. Rc1 Rf8 47. b5 axb5 48. axb5 Nf4 49. Bf1 Nd3 50. Ra1 Rf3+ 51. Kh2 Nf2 52. c4 Nxg4+ 53. Kg1 Rg3+ 54. Kh1 Rc3 55. Kg1 Ne3 56. Be2 Nxc4 57. Kf2 Kf4 58. Rd1 Ne5 59. Rd6 g4 60. Rf6+ Kg5 61. Re6 Kf5 62. Re7 g3+ 63. Kg2 Rc2 64. Rxb7 Rxe2+ 65. Kxg3 Re3+ 66. Kg2 Rb3 67. Rb8 Rb2+ 68. Kg3 e3 69. b6 Ke4 70. b7 Rb1 71. Rf8 e2 0-1

[Event "BIH-chT2"]
[Site "Tuzla"]
[Date "2010.07.19"]
[Round "3"]
[White "Kamberovic, Senad"]
[Black "Mujic, Hamza"]
[Result "0-1"]
[WhiteElo "2238"]
[BlackElo "2402"]
[PlyCount "52"]
[EventDate "2010.07.18"]
[EventType "team-swiss"]
[EventRounds "9"]
[EventCountry "BIH"]
[SourceTitle "CBM 137 Extra"]
[Source "ChessBase"]
[SourceDate "2010.09.01"]
[SourceVersion "1"]
[SourceVersionDate "2010.09.01"]
[SourceQuality "1"]

1. d4 Nf6 2. Nf3 g6 3. Bf4 Bg7 4. h3 c5 5. e3 Qb6 6. b3 Nc6 7. c3 0-0 8. Be2 d6 9. 0-0 cxd4 10. exd4 Nd5 11. Bh2 Bf5 12. Bd3 Bxd3 13. Qxd3 Rac8 14. Nbd2 Qa5 15. Rfc1 b5 16. a4 b4 17. c4 Nc3 18. Re1 e5 19. c5 dxc5 20. Bxe5 cxd4 21. Bxg7 Kxg7 22. Nc4 Qd5 23. Nfe5 Nd8 24. Ng4 Ne6 25. g3 h5 26. Nge3 dxe3 0-1